LEADER 01258nam a2200253 a 4500 001 000000110039 003 CaOOAMICUS 005 20080225102623.0 008 080225s2007 oru 001 u eng d 020 $a1-84113-699-9 040 $aPUL$bita$dLDB 245 04$aThe regulation of unfair commercial practices under EC directive 2005/29 :$bnew rules and new techniques /$cedited by Stephen Weatherill and Ulf Bernitz. 260 $aOxford ;$aPortland :$bHart Publishing,$cc2007. 300 $ax, 290 p. ;$c23 cm. 504 $aContiene riferimenti bibliografici e indici 650 14$aDiritto commerciale$zEuropa.$0(OLS)http://pul/subject/29785 700 1 $aBernitz, Ulf.$0(OLS)http://pul/name/53268 700 1 $aWeatherill, Stephen.$0(OLS)http://pul/name/64445 850 $aPUL 852 $aPUL$W1$xSL Diritto e Scienze Sociali 3$y79$m343. 40 WEAST 1$j126018$qDDC 21$B124746$CPULBib$Z2$F124746 $H105777 $82 941 1 $a9 996 $6020$a1-84113-699-9$9(OLS)http://pul/number/137145 996 $6245$aThe regulation of unfair commercial practices under EC directive 2005/29 :$bnew rules and new techniques$9(OLS)http://pul/title/138363 996 $6260$aOxford ;$aPortland :$bHart Publishing$9(OLS)http://pul/publisher/77499 LEADER 01121nam a2200241 a 4500 001 000000132162 003 CaOOAMICUS 005 20121212180520.0 008 121212s2004 it 001 udita r 040 $aPUL$bita 100 1 $aSaraco, Alessandro,$d1975-$0(OLS)http://pul/name/85115 245 13$aIl cardinale Domenico Capranica (1400-1458) e la riforma della Chiesa /$cAlessandro Saraco. 260 $aRoma :$bPontificia Università Gregoriana,$c2004. 300 $a279 p. ;$c24 cm. 502 $aTesi -- Pontificia Universitas Gregoriana. Facultas historiae ecclesiasticae. 2003. 504 $aBibliografia p. [271]-275. 710 2 $aPontificia Università Gregoriana.$bFacoltà di storia ecclesiastica.$kTesi.$0(OLS)http://pul/name/11264 850 $aPUL 852 $aPUL$W1$xDP1 Tesi Pon. Univ. Gregoriana$y40$m2004 D 14$j94514$qTesi$B151443$CPULBib$Z2$F151443 $82 941 1 $a16 996 $6245$aIl cardinale Domenico Capranica (1400-1458) e la riforma della Chiesa$9(OLS)http://pul/title/166972 996 $6260$aRoma :$bPontificia Università Gregoriana$9(OLS)http://pul/publisher/47853